000 00666nam a2200253Ia 4500
003 OSt
005 20220918191018.0
006 a|||||r|||| 00| 0
007 ta
008 220917b |||||||| |||| 00| 0 eng d
024 _a60,972
037 _cTextual
040 _aARTS
_cARTS
_beng
041 _2eng
_aeng
082 _aQ61:3, K9
100 _aHebblethwaite Peter
_974557
245 0 _aTheology of the Church
260 _aHales
_bCorners Clergy Book Service
_c1969
300 _a93p.
_ccm.
490 _aTheology today series; 8
650 _aRELIGION
942 _hQ61:3, K9
_cTEXL
_2CC
999 _c187850
_d187850